000 00308nam a22001337a 4500
008 181012b xxu||||| |||| 00| 0 eng d
020 _a9780849313370
041 _aeng
080 _22nd
_a612.39
100 _a10
101 _aNUT
245 _aNutritional Concerns of Women
_cZacas,D,K
942 _2udc
_cBK
999 _c49532
_d49532